| 000 | 00454nam a22001577a 4500 | ||
|---|---|---|---|
| 999 |
_c7847 _d7847 |
||
| 005 | 20240122102033.0 | ||
| 008 | 240122b ||||| |||| 00| 0 eng d | ||
| 020 | _a9788418580963 | ||
| 040 | _aCDMR | ||
| 100 |
_94920 _aSolanes Calderón, Marc |
||
| 245 |
_aLas niñas de Elna _c/ Marc Solanes Calderón |
||
| 260 |
_aSant Cugat del Vallès : _bPol·len Edicions, _c2024 |
||
| 300 | _a199 pàgines | ||
| 490 |
_aL'Observatori _v; 39 |
||
| 942 |
_2udc _cMON |
||